000 01052nam a22003377a 4500
001 0026854
003 KOHA_MİRAKIL
005 20260207002540.0
007 ta
008 110106b2001 tu a|||gr||||#||||0|tur |
020 _a9756707054
_c0,01
040 _aTR-BiSEU
_btur
_cTR-BiSEU
_erda
041 0 _atur
044 _ctu
050 _aTA166
_b.S8 2001
100 1 _aSu, Bayram Ali.
245 1 _aErgonomi/
_cBayram Ali Su ; Bayram Ali Su.
264 1 _aAnkara :
_bAtılım Üniversitesi
_c2001
300 _axi, 247 sayfa :
_btbl. şkl. ;
_c25 cm.
336 _ametin
_btxt
_2rdacontent
337 _aaracısız
_bn
_2rdamedia
338 _acilt
_bnc
_2rdacarrier
490 1 _aAtılım Universitesi yayınları ;
_v5.
490 1 _aMühendislik Fakültesi yayınları ;
_v2
500 _aKaynakça var.
650 0 _aHuman engineering.
_924831
650 0 _aİnsan mühendisliği.
_924832
830 1 _aAtılım Universitesi yayınları ;
_v5.
_953208
830 1 _aMühendislik Fakültesi yayınları ;
_v2
_97962
942 _2lcc
_cBK
999 _c26790
_d26790